书目信息 |
| 题名: |
小额贷款
|
|
| 作者: | 范鑫豪 编著 | |
| 分册: | ||
| 出版信息: | 北京 法律出版社 2017 |
|
| 页数: | 25,419页 | |
| 开本: | 24cm | |
| 丛书名: | “资本市场”法商丛书 | |
| 单 册: | ||
| 中图分类: | F832.4 | |
| 科图分类: | ||
| 主题词: | 信贷管理--基本知识--中国 | |
| 电子资源: | ||
| ISBN: | 978-7-5118-9554-7 | |
| 000 | 00920oam2 2200265 450 | |
| 001 | 012001003646 | |
| 005 | 20140926114741.0 | |
| 010 | @a978-7-5118-9554-7@dCNY65.00 | |
| 100 | @a20170427d2017 em y0chiy50 ea | |
| 101 | 0 | @achi |
| 102 | @aCN@b110000 | |
| 105 | @ay z 000yy | |
| 106 | @ar | |
| 200 | 1 | @a小额贷款@9xiao e dai kuan@dMicro finance@e业务·实战·疑难@f范鑫豪编著@zeng |
| 210 | @a北京@c法律出版社@d2017 | |
| 215 | @a25,419页@d24cm | |
| 225 | 1 | @a“资本市场”法商丛书 |
| 330 | @a本书对小额贷款从概述、信贷机构、市场营销、信贷调查、信贷评估、信贷管理、信贷控制、信贷催收以及信贷和法律疑难点和法律责任做了详细的介绍,具有很强的实践性和指导性。 | |
| 461 | 0 | @12001 @a“资本市场”法商丛书 |
| 510 | 1 | @aMicro finance@zeng |
| 606 | 0 | @a信贷管理@x基本知识@y中国 |
| 690 | @aF832.4@v5 | |
| 701 | 0 | @a范鑫豪@9fan xin hao@4编著 |
| 801 | 0 | @aCN@b上海新华@c20180901 |
| 905 | @b1163288-91@dF832.4@e186@f4 | |
| 小额贷款=Micro finance:业务·实战·疑难/范鑫豪编著.-北京:法律出版社,2017 |
| 25,419页;24cm.-(“资本市场”法商丛书) |
| ISBN 978-7-5118-9554-7:CNY65.00 |
| 本书对小额贷款从概述、信贷机构、市场营销、信贷调查、信贷评估、信贷管理、信贷控制、信贷催收以及信贷和法律疑难点和法律责任做了详细的介绍,具有很强的实践性和指导性。 |
| ● |
| 相关链接 |
|
|
|
|
正题名:小额贷款
索取号:F832.4/186
 
预约/预借
| 序号 | 登录号 | 条形码 | 馆藏地/架位号 | 状态 | 备注 |
| 1 | 1163288 | 211632884 | 第一样本阅览室/ [索取号:F832.4/186] | 在馆 | |
| 2 | 1163289 | 211632893 | 密集书库-海洋学院/ [索取号:F832.4/186] | 在馆 | |
| 3 | 1163290 | 211632900 | 第一借阅区/ [索取号:F832.4/186] | 在馆 | |
| 4 | 1163291 | 211632919 | 第一借阅区/ [索取号:F832.4/186] | 在馆 |